Die Schutzaufsicht
| 1. VerfasserIn: | |
|---|---|
| Medienart: | Druck Buch |
| Sprache: | Deutsch |
| Veröffentlicht: |
Breslau
Schletter
1919
|
| In: |
Strafrechtliche Abhandlungen (200)
Jahr: 1919 |
| Bestand in Tübingen: | In Tübingen vorhanden. UB: Hi 1137-199/200 |
| Bestand in Albert-Krebs Bibliothek: | PH.00.003 2015-623 |
| Verfügbarkeit prüfen: | HBZ Gateway |
| Subito Bestelldienst: | Jetzt bestellen. |
| Schlagwörter: |
MARC
| LEADER | 00000cam a2200000 c 4500 | ||
|---|---|---|---|
| 001 | 1078105480 | ||
| 003 | DE-627 | ||
| 005 | 20260206195607.0 | ||
| 007 | tu | ||
| 008 | 850101s1919 xx ||||| m 00| ||ger c | ||
| 035 | |a (DE-627)1078105480 | ||
| 035 | |a (DE-603)112339530 | ||
| 035 | |a (DE-576)008105480 | ||
| 035 | |a (DE-599)BSZ008105480 | ||
| 035 | |a (OCoLC)32915478 | ||
| 035 | |a (DE-604)8062765590 | ||
| 040 | |a DE-627 |b ger |c DE-627 |e rakwb | ||
| 041 | |a ger | ||
| 084 | |a 2,1 |2 ssgn | ||
| 084 | |a PH 2100 |2 rvk |0 (DE-625)rvk/135978: | ||
| 100 | 1 | |a Geiger, Theodor |d 1891-1952 |0 (DE-588)118538187 |0 (DE-627)061940496 |0 (DE-576)288470427 |4 aut | |
| 109 | |a Geiger, Theodor 1891-1952 |a Geiger, Theodor Julius 1891-1952 |a Geiger, Theodor J. 1891-1952 |a Geiger, Th. 1891-1952 | ||
| 245 | 1 | 4 | |a Die Schutzaufsicht |c Theodor Geiger |
| 264 | 1 | |a Breslau |b Schletter |c 1919 | |
| 300 | |a IX, 110 S. | ||
| 336 | |a Text |b txt |2 rdacontent | ||
| 337 | |a ohne Hilfsmittel zu benutzen |b n |2 rdamedia | ||
| 338 | |a Band |b nc |2 rdacarrier | ||
| 490 | 1 | |a Strafrechtliche Abhandlungen |v 200 | |
| 502 | |a Zugl.: Würzburg, Univ., Diss., 1919 | ||
| 505 | 8 | |a Literaturverz. S. [VII] - IX | |
| 505 | 8 | |a Literaturverz. S. [VII] - IX | |
| 583 | 1 | |a Archivierung/Langzeitarchivierung gewährleistet |f SSG |x XA-DE-BW |2 pdager |5 DE-21 | |
| 650 | 0 | 7 | |0 (DE-588)4180258-5 |0 (DE-627)105327417 |0 (DE-576)209996889 |a Schutzaufsicht |2 gnd |
| 650 | 4 | |a Schutzaufsicht |7 (dpeaa)DE-2619 | |
| 655 | 7 | |a Hochschulschrift |0 (DE-588)4113937-9 |0 (DE-627)105825778 |0 (DE-576)209480580 |2 gnd-content | |
| 689 | 0 | 0 | |d s |0 (DE-588)4180258-5 |0 (DE-627)105327417 |0 (DE-576)209996889 |a Schutzaufsicht |2 gnd |
| 689 | 0 | |5 (DE-627) | |
| 751 | |a Würzburg |0 (DE-588)4067037-5 |0 (DE-627)10611073X |0 (DE-576)209167939 |4 uvp | ||
| 830 | 0 | |a Strafrechtliche Abhandlungen |v 200 |9 200 |w (DE-627)130113891 |w (DE-576)015644383 |w (DE-600)504194-6 |x 0720-7271 |7 am | |
| 935 | |a mkri | ||
| 935 | |h HEB |i 0501 | ||
| 935 | |h HEB |i 0503 | ||
| 936 | r | v | |a PH 2100 |b Schriftenreihen, Serien |k Rechtswissenschaft |k Strafrecht, Strafverfahrensrecht, Kriminologie |k Allgemeines und Geschichte |k Allgemeines |k Schriftenreihen, Serien |0 (DE-627)1275295363 |0 (DE-625)rvk/135978: |0 (DE-576)205295363 |
| 936 | s | n | |a p100 |2 mzub |
| 951 | |a BO | ||
| ELC | |b 1 | ||
| LOK | |0 000 xxxxxcx a22 zn 4500 | ||
| LOK | |0 001 2063801150 | ||
| LOK | |0 003 DE-627 | ||
| LOK | |0 004 1078105480 | ||
| LOK | |0 005 20061104134125 | ||
| LOK | |0 008 990504||||||||||||||||ger||||||| | ||
| LOK | |0 040 |a DE-21 |c DE-627 |d DE-21 | ||
| LOK | |0 852 |a DE-21 | ||
| LOK | |0 852 1 |c Hi 1137-199/200 |9 00 | ||
| LOK | |0 935 |a dika | ||
| LOK | |0 939 |a 04-05-99 |b l01 | ||
| LOK | |0 000 xxxxxcx a22 zn 4500 | ||
| LOK | |0 001 2063801169 | ||
| LOK | |0 003 DE-627 | ||
| LOK | |0 004 1078105480 | ||
| LOK | |0 005 20100508065304 | ||
| LOK | |0 008 990825||||||||||||||||ger||||||| | ||
| LOK | |0 040 |a DE-21-24 |c DE-627 |d DE-21-24 | ||
| LOK | |0 541 |e o.Z. | ||
| LOK | |0 852 |a DE-21-24 | ||
| LOK | |0 852 1 |c J,Ia,4:H.200 |m p |9 00 | ||
| LOK | |0 866 |x H.197-201 zs.gebunden | ||
| LOK | |0 935 |a ALAS | ||
| LOK | |0 936ln |a J,Ia, | ||
| LOK | |0 938 |k p | ||
| LOK | |0 939 |a 25-08-99 |b l01 | ||
| LOK | |0 000 xxxxxcx a22 zn 4500 | ||
| LOK | |0 001 4196231861 | ||
| LOK | |0 003 DE-627 | ||
| LOK | |0 004 1078105480 | ||
| LOK | |0 005 20221011150016 | ||
| LOK | |0 008 221011||||||||||||||||ger||||||| | ||
| LOK | |0 035 |a (DE-2619)k04330 | ||
| LOK | |0 040 |a DE-2619 |c DE-627 |d DE-2619 | ||
| LOK | |0 092 |o n | ||
| LOK | |0 541 |e Bestand Albert-Krebs-Bibliothek: 2015-623 | ||
| LOK | |0 852 |a DE-2619 | ||
| LOK | |0 852 1 |c PH.00.003 |m p |9 00 | ||
| LOK | |0 935 |a kreb | ||
| LOK | |0 938 |k p | ||
| LOK | |0 939 |a 11-10-22 |b l01 | ||
| ORI | |a SA-MARC-krimdoka001.raw | ||
| SIG | |a UB: Hi 1137-199/200 | ||
